LEADER 01152nam0-22003851i-450- 001 990005513730403321 005 20140313104217.0 035 $a000551373 035 $aFED01000551373 035 $a(Aleph)000551373FED01 035 $a000551373 100 $a19990604d1958----km-y0itay50------ba 101 0 $aita 102 $aIT 105 $ay-------001yy 200 1 $aMorte e pianto rituale nel mondo antico$edal lamento pagano al pianto di Maria$fErnesto de Martino 210 $aTorino$cEdizioni Scientifiche Einaudi$d1958 215 $aIX, 440 p.$d22 cm 225 1 $aBiblioteca di studi etnologici e religiosi$v31 610 0 $aUsi funebri$aLutto 676 $a393.9 676 $a13560 700 1$aDe Martino,$bErnesto$f<1908-1965>$037814 801 0$aIT$bUNINA$gRICA$2UNIMARC 901 $aBK 912 $a990005513730403321 952 $asoc.D/1322 DEM$b678$fSES 952 $a13560 DEM$b012740$fSES 952 $a306.01 DEM 9$bBibl. 30830$fFLFBC 952 $aSE 107.05.14-$b678$fDECSE 959 $aFLFBC 959 $aDECSE 959 $aSES 996 $aMorte e pianto rituale nel mondo antico$953365 997 $aUNINA LEADER 01092nam0-22003371i-450- 001 990002025750403321 005 20021010 035 $a000202575 035 $aFED01000202575 035 $a(Aleph)000202575FED01 035 $a000202575 100 $a20021010d--------km-y0itay50------ba 101 0 $aita 200 1 $aEstimation and analysis of insect populations$eProceedings of a conference held in Laramie, Wyoming, January 25-29,1988.$fed.by L. McDonald, B. Manly 210 $aBerlino$cSpring Verlag$d1989 215 $a492 p.$d24 cm 225 1 $aLecture notes in statistics$v55 610 0 $aPopolazione Insetti 610 0 $aStatistica 676 $a595.7051 702 1$aManly,$bB. 702 1$aMcDonald,$bLyman L. 710 12$aPROCEEDINGS of a CONFERENCE held in LARAMIE, WYOMING, Jan. 25-29, 1988$0492931 801 0$aIT$bUNINA$gRICA$2UNIMARC 901 $aBK 912 $a990002025750403321 952 $a61 I A.2/29$b2673 (15/01/1991)$fDAGEN 959 $aDAGEN 996 $aEstimation and analysis of insect populations$9404592 997 $aUNINA DB $aING01 LEADER 03906nam 22004575 450 001 9910300859303321 005 20200630134907.0 010 $a3-319-63219-1 024 7 $a10.1007/978-3-319-63219-3 035 $a(CKB)4100000000882077 035 $a(DE-He213)978-3-319-63219-3 035 $a(MiAaPQ)EBC5107751 035 $a(EXLCZ)994100000000882077 100 $a20171016d2018 u| 0 101 0 $aeng 135 $aurnn|008mamaa 181 $ctxt$2rdacontent 182 $cc$2rdamedia 183 $acr$2rdacarrier 200 10$a(En)Gendering Taiwan $eThe Rise of Taiwanese Feminism /$fedited by Ya-chen Chen 205 $a1st ed. 2018. 210 1$aCham :$cSpringer International Publishing :$cImprint: Springer,$d2018. 215 $a1 online resource (VII, 180 p. 3 illus.) 311 $a3-319-63217-5 320 $aIncludes bibliographical references at the end of each chapters. 327 $aChapter 1. (En)Gendering Taiwan (Ya-chen chen) -- Chapter 2. Indigenous Concepts of Marriage in 17th Century Sincan (Hsin-kang): Impressions Gathered from the Letters of the Dutch Ministers Georgius (Natalie Everts) -- Chapter 3. Taiwanese Communist Feminist, Xie Xuehong: Li Ang?s Literary Portrait of Xie Xuehong?s Pre-1949 Feminist Activism in Taiwan (Ya-chen chen) -- Chapter 4. ?The Only Thing Oriental about Me Is My Face?: The True Picture of Madame Chiang Kai-shek (Daniel Palm) -- Chapter 5. Cinematic Metaphors of Autumn Cicadas and Chilling Cicadas: The Way out of Legal Bottlenecks in Sex Appeal (Ya-chen chen) -- Chapter 6. An Investigation of the Huangmei Opera Film Genre: The Audience?s Perception of Ling Po?s Male Impersonation (Yeong-Rury Chen) -- Chapter 7. Factors Promoting Women?s Participation in Taiwan?s Politics (Cal Clark) -- Chapter 8. Gendering of Academic in Taiwan: From Women?s Studies to Gender Studies, 1985-2005 (Bih-Er Chou) -- Chapter 9. From Women in Taiwan?s TCM History to Recent Case Studies of Gender Practice under the Academic Glass Ceiling (Jaung-gong Lin). 330 $aThis book highlights the diversity and richness of non-Mainland China and Taiwan-oriented gender issues from a unique Taiwanese perspective, in contrast to previous studies that have often placed Taiwanese gender issues under the huge umbrella of Mainland Chinese, Communist Chinese, or P.R.C. women?s and gender studies. In a follow-up dialogue to and with Liu?s, Karl?s, and Ko?s The Birth of Chinese Feminism, this book looks at the various metaphorical details of that ?birth? and the different dimensions of Mainland Chinese versus Taiwanese feminism and gender issues. Although Chinese-heritage people share similar traditions, different gender problems have occurred in and challenged various local conditions of Chinese-speaking areas. Taiwan?s gender issues have reflected Taiwan?s unique historical, sociocultural, economic, political, (post)colonial, military, and diplomatic backgrounds, in ways unfamiliar to the many people with a Chinese background who are not Taiwanese. This volume gives a historical outline of the people and events that paved the way for the rise of Taiwanese feminism, and includes portraits of famous feminists, gender issues in institutions, and a variety of gender concerns. 606 $aSociology 606 $aCultural studies 606 $aGender Studies$3https://scigraph.springernature.com/ontologies/product-market-codes/X35000 606 $aCultural Studies$3https://scigraph.springernature.com/ontologies/product-market-codes/X22040 615 0$aSociology. 615 0$aCultural studies. 615 14$aGender Studies. 615 24$aCultural Studies. 676 $a305.420951249 702 $aChen$b Ya-chen$4edt$4http://id.loc.gov/vocabulary/relators/edt 906 $aBOOK 912 $a9910300859303321 996 $aEn)Gendering Taiwan$91991435 997 $aUNINA